| 000 | 01758nam a22004094a 4500 | ||
|---|---|---|---|
| 001 | ebr10371934 | ||
| 003 | CaPaEBR | ||
| 006 | m u | ||
| 007 | cr cn||||||||| | ||
| 008 | 040316s2004 miua sb s001 0beng | ||
| 010 | _z 2004006183 | ||
| 020 | _z0472098675 (cloth : alk. paper) | ||
| 020 | _z0472068679 (pbk. : alk. paper) | ||
| 040 |
_aCaPaEBR _cCaPaEBR |
||
| 035 | _a(OCoLC)606200757 | ||
| 043 | _an-us--- | ||
| 050 | 1 | 4 |
_aHX843.7.D43 _bD45 2004eb |
| 082 | 0 | 4 |
_a335/.83/092 _aB _222 |
| 100 | 1 | _aDeLamotte, Eugenia C. | |
| 245 | 1 | 0 |
_aGates of freedom _h[electronic resource] : _bVoltairine de Cleyre and the revolution of the mind : with selections from her writing / _cEugenia C. DeLamotte. |
| 260 |
_aAnn Arbor : _bUniversity of Michigan Press, _c[2004] |
||
| 300 |
_ax, 334 p. : _bill. |
||
| 504 | _aIncludes bibliographical references (p. 322-331) and index. | ||
| 533 |
_aElectronic reproduction. _bPalo Alto, Calif. : _cebrary, _d2013. _nAvailable via World Wide Web. _nAccess may be limited to ebrary affiliated libraries. |
||
| 600 | 1 | 0 |
_aDe Cleyre, Voltairine, _d1866-1912. |
| 600 | 1 | 0 |
_aDe Cleyre, Voltairine, _d1866-1912 _xCriticism and interpretation. |
| 650 | 0 |
_aWomen anarchists _zUnited States _vBiography. |
|
| 650 | 0 |
_aWomen and literature _zUnited States. |
|
| 650 | 0 |
_aFeminists _zUnited States _vBiography. |
|
| 650 | 0 |
_aWomen authors, American _vBiography. |
|
| 650 | 0 |
_aAnarchism _zUnited States. |
|
| 650 | 0 |
_aFeminism and literature _zUnited States. |
|
| 655 | 7 |
_aElectronic books. _2local |
|
| 700 | 1 |
_aDe Cleyre, Voltairine, _d1866-1912. |
|
| 710 | 2 | _aebrary, Inc. | |
| 856 | 4 | 0 |
_uhttp://site.ebrary.com/lib/rucke/Doc?id=10371934 _zAn electronic book accessible through the World Wide Web; click to view |
| 999 |
_c194299 _d194299 |
||